| 000 | 00733nas a2200265 4500 | ||
|---|---|---|---|
| 001 | BR9801671 | ||
| 003 | BR-BrBNA | ||
| 005 | 20231205100951.0 | ||
| 007 | ta | ||
| 008 | 230509b bl.|||p| |||| 00| 00por d | ||
| 040 |
_aBR-BrBNA _bpor _cBiblioteca Nacional de Agricultura |
||
| 041 | _a(Pt) | ||
| 072 | _aL70 | ||
| 100 | 1 | _aFontaine, M. | |
| 100 | 1 | _aLaverty, S. | |
| 100 | 1 | _aLavoie, J.P. | |
| 245 | 1 | _aQuisto esofagico em um cavalo | |
| 650 | _aCavalo | ||
| 650 | _aVeterinaria | ||
| 650 | _aRadiografia | ||
| 650 | _aAnalise de Laboratorio | ||
| 773 | 0 |
_tHora Veterinaria (Brazil) _xISSN 0101-9163 _g(Mar-Apr 1998), v. 17(102) p. 65-67 _wBR9801671 |
|
| 909 |
_a202311 _bLúcia _c55 _dLúcia Elande |
||
| 942 |
_2AGRIS _n0 _cANA |
||
| 999 |
_c159067 _d159067 |
||